000 00594nam a2200181Ia 4500
008 090630s9999 xx 000 0 und d
082 _b14001
100 _aभोगले प्रभाकर.
245 _aअसूनी नाथ.
_cभोगले प्रभाकर.
260 _bशांती - पुणे.
300 _a144
600 _aभोगले प्रभाकर.
630 _aअसूनी नाथ.
655 _aकादंबरी.
700 _aभोगले प्रभाकर.
730 _aअसूनी नाथ.
942 _cBOOK
999 _c265857
_d265857